| 000 | 01070nam a2200313 4500 | ||
|---|---|---|---|
| 003 | EG-GICUC | ||
| 005 | 20260121101704.0 | ||
| 008 | 260108s1931 enk||||fr|||| 000 0 eng d | ||
| 040 |
_aEG-GiCUC _beng _cEG-GiCUC _dEG-GiCUC _erda |
||
| 041 | 0 | _aeng | |
| 082 | 0 | 4 |
_221 _a338.83 _bH A . L |
| 092 | 0 | 4 | _221 |
| 099 | _aLaw1 13 338.83 H A . L 1931. | ||
| 100 | 1 |
_aHASLAM، A. L. _eAuthor. |
|
| 245 | 1 | 4 |
_aTHE LAW RELATING TO TRADE COMBIMATIONS / _cBY A. L. HASLAM ؛ WITH A FOREWORD BY W . T. S. STALLYBRASS, D.C.L. |
| 264 | 1 |
_aLONDON : _bGEORGE & UNWIN LTD، _c1931. |
|
| 300 | 3 |
_a215 pages، unnumbered pages ؛ _c24 cm |
|
| 336 |
_2rda content _atext |
||
| 337 |
_2rda media _aComputer |
||
| 338 |
_2rda carrier _aOnline Resource |
||
| 504 | _a Includes bibliographical references. | ||
| 546 | _aText in English | ||
| 650 | 1 |
_aPublic finance and tax legislation _2qrmak |
|
| 651 | 1 | _2qrmak | |
| 700 | 1 |
_a STALLYBRASS، W . T. S. D.C.L. _epresenter |
|
| 856 | 4 | 0 | _uhttps://fll.law.cu.edu.eg/fulltext/bks/B13-09690.pdf |
| 905 | _a62 | ||
| 942 |
_2ddc _cBK _e21 _n0 |
||
| 999 |
_c55590 _d55590 |
||